01173 am a2200301 a 450000500170000000800410001702000150005804100080007324500840008125000110016526000330017630000110020950001220022065300440034265300800038665300200046665300580048665300600054470000230060470000290062770000430065670000290069970000310072870000220075970000370078170000300081870000230084820240222115547.0100706s2002||||sp d f |||| 001 0 spa d a8488825706 aspa aInfecciones en urgencias. bTerapéutica antimicrobiana / cJosep Mensa Pueyo a4a ed. aBarcelona: bAntares;c2002. a542 p. aMensa Pueyo, J. et al. (2002). Infecciones en urgencias. Terapéutica antimicrobiana. (4a ed.). Barcelona : Antares. aSíndromes de patologías infecciosas aTratamiento de las infecciones producidas por microorganismos específicos aAntimicrobianos aProfilaxis postexposición y profilaxis en cirugía aUrgencias en pacientes infectados por el VIH y con SIDA1 aMensa Pueyo, Josep1 aGatell Artigas, Josep M.1 aMartínez Martínez, José Antonio.1 aTorres Martí, Antonio.1 aRuíz Palacio, Guillermo.1 aLópez, Horacio.1 aArredondo-García, José Luis.1 aCastro Méndez, Julio S.1 aLuna, Juan Manuel.